00195 a2200085 4500020001800000100001700018245002800035250001200063260003400075 a9780194202466 aSwan Michael aPractical English Usage a4th ed. bOxford University Pressc2016